Fr. Conceicao Rodrigues College of Engineering

Mobile cellular telecommunicatins analog and digital systems (Record no. 30417)

MARC details
000 -LEADER
fixed length control field 00409nam a2200169Ia 4500
082 ## - DEWEY DECIMAL CLASSIFICATION NUMBER
Classification number 621.382
Item number LEE
100 ## - MAIN ENTRY--PERSONAL NAME
Personal name Lee/William C.Y
250 ## - EDITION STATEMENT
Edition statement 2
245 ## - TITLE STATEMENT
Title Mobile cellular telecommunicatins analog and digital systems
260 ## - PUBLICATION, DISTRIBUTION, ETC.
Name of publisher, distributor, etc. Tata Mc Graw hill Ltd.
Date of publication, distribution, etc. 1995
366 ## - TRADE AVAILABILITY INFORMATION
Publishers's discount category 25
300 ## - PHYSICAL DESCRIPTION
Extent 664
546 ## - LANGUAGE NOTE
Language note ENGLISH
-- TTL
650 ## - SUBJECT ADDED ENTRY--TOPICAL TERM
Topical term or geographic name entry element Mobile telecommunications
654 ## - SUBJECT ADDED ENTRY--FACETED TOPICAL TERMS
Focus term mobile
942 ## - ADDED ENTRY ELEMENTS (KOHA)
Koha item type BOOK
Holdings
Withdrawn status Lost status Damaged status Not for loan Collection Home library Current library Date acquired Source of acquisition Cost, normal purchase price Inventory number Total Checkouts Full call number Barcode Date last seen Cost, replacement price Price effective from Koha item type
        CRC Fr. Agnel's C.Rodrigues College of Engineering Fr. Agnel's C.Rodrigues College of Engineering 17/03/2023 Allied Publishers 296.25 1836 dt 09/08/2010   621.382 LEE 20815 17/03/2023 395.00   BOOK
        CRC Fr. Agnel's C.Rodrigues College of Engineering Fr. Agnel's C.Rodrigues College of Engineering 17/03/2023 Allied Publishers 296.25 1836 dt 09/08/2010   621.382 LEE 20816 17/03/2023 395.00   BOOK